| 000 | 01696nam a22004337a 4500 | ||
|---|---|---|---|
| 003 | CHAP | ||
| 005 | 20220329143937.0 | ||
| 008 | 121015s2012 mx r 00010 spa d | ||
| 010 | _a104081 | ||
| 011 | _a105053 | ||
| 035 | _a115745 | ||
| 040 | _cCHAP | ||
| 090 | _aTesis | ||
| 100 | 1 |
_aVictoria Escamilla, José Luis. _9119081 |
|
| 245 | 1 | 0 |
_aSituación y perspectivas de la producción de hongos comestibles en México _h[En línea] _c/por José Luis Victoria Escamilla |
| 260 |
_aChapingo, Méx. : _bEl autor, _c2012 |
||
| 500 | _aPara ver el contenido del material haga clic en la liga | ||
| 502 | _aTesis (Ing. Agroindustrial) -- UACH. Departamento de Ingeniería Industrial | ||
| 590 |
_aALEPH _b10 _c20130110 _lUCH01 _h1547 |
||
| 590 |
_aBATCH-UPD _b10 _c20130110 _lUCH01 _h0302 |
||
| 590 |
_aBATCH-UPD _b10 _c20130110 _lUCH01 _h0305 |
||
| 590 |
_aBATCH-UPD _b10 _c20130110 _lUCH01 _h0423 |
||
| 590 |
_aBATCH-UPD _b10 _c20130409 _lUCH01 _h2252 |
||
| 590 |
_aBATCH-UPD _b10 _c20130409 _lUCH01 _h2254 |
||
| 590 |
_aBATCH-UPD _b10 _c20130914 _lUCH01 _h0017 |
||
| 590 |
_aBATCH-UPD _b10 _c20130914 _lUCH01 _h0017 |
||
| 590 |
_aBATCH-UPD _b10 _c20140324 _lUCH01 _h1535 |
||
| 590 |
_aBATCH-UPD _b10 _c20141002 _lUCH01 _h0856 |
||
| 590 |
_aCONVERSION _b10 _c20130109 _lUCH01 _h1357 |
||
| 650 | 0 | 4 |
_aHongos comestibles. _956124 |
| 650 | 0 | 4 |
_aHongos comestibles _xProducción. _956128 |
| 650 | 0 | 4 |
_aPleurotus ostreatus. _989176 |
| 650 | 0 | 4 |
_aSetas. _9105368 |
| 856 |
_3Finding aid _uhttp://10.13.5.2/tesis/115745.pdf _zTeclea aqui |
||
| 901 | _aBK | ||
| 942 | _cFOLL | ||
| 949 |
_aTesis _bBC _cTES _d33724002351330 _eTS2 _fc.2 _h54186 _i115745 _st |
||
| 949 |
_aTesis _bBC _cTES _d33724002351371 _eTS1 _h54185 _i115745 _st |
||
| 999 |
_c104081 _d104081 |
||